[Event "Nizhnij Novgorod-ch HL"]
[Site "Nizhnij Novgorod"]
[Date "2009.11.14"]
[Round "?"]
[White "Denisov, Yuri"]
[Black "Pokhlebkin, Vladimir"]
[Result "0-1"]
[WhiteElo "2023"]
[BlackElo "2083"]
[PlyCount "48"]
[EventDate "2009.11.14"]
[EventType "swiss"]
[EventRounds "9"]
[EventCountry "RUS"]
[SourceTitle "EXT 2022"]
[Source "ChessBase"]
[SourceDate "2021.10.06"]
[SourceVersion "1"]
[SourceVersionDate "2021.10.06"]
[SourceQuality "1"]

1. d4 Nf6 2. Nf3 d6 3. c4 c5 4. e3 Nc6 5. Be2 g6 6. 0-0 Bg7 7. dxc5 dxc5 8. Qxd8+ Nxd8 9. Nc3 0-0 10. Bd2 Nc6 11. Rac1 Rd8 12. Rfd1 Bf5 13. Be1 Nb4 14. h3 Bd3 15. Kf1 Ne4 16. a3 Bxc3 17. Bxc3 Na2 18. Bxd3 Nxc1 19. Rxc1 Rxd3 20. Ke2 Rad8 21. Rc2 Nxc3+ 22. bxc3 Rd1 23. Rb2 b6 24. Nd2 Rc1 0-1

[Event "Nizhnij Novgorod-ch HL"]
[Site "Nizhnij Novgorod"]
[Date "2009.11.14"]
[Round "?"]
[White "Kozyrev, Daniil"]
[Black "Pokhlebkin, Vladimir"]
[Result "0-1"]
[WhiteElo "2221"]
[BlackElo "2083"]
[PlyCount "142"]
[EventDate "2009.11.14"]
[EventType "swiss"]
[EventRounds "9"]
[EventCountry "RUS"]
[SourceTitle "EXT 2022"]
[Source "ChessBase"]
[SourceDate "2021.10.06"]
[SourceVersion "1"]
[SourceVersionDate "2021.10.06"]
[SourceQuality "1"]

1. d4 Nf6 2. Nf3 g6 3. g3 c5 4. c3 cxd4 5. cxd4 Bg7 6. Bg2 0-0 7. 0-0 d5 8. Nc3 Nc6 9. Ne5 Qb6 10. Nxc6 Qxc6 11. Qb3 Be6 12. Bf4 Qd7 13. Rac1 Rac8 14. Nb5 Nh5 15. Be3 b6 16. Rfd1 Rfd8 17. Rc3 Rxc3 18. Nxc3 Nf6 19. Rc1 Bh3 20. Nb5 Bxg2 21. Kxg2 Ne8 22. a4 a6 23. Nc3 Qe6 24. Qb4 Rc8 25. a5 b5 26. b3 Nd6 27. Bf4 Ne4 28. Nxd5 Rxc1 29. Nxe7+ Kh8 30. Bxc1 Bf6 31. Nd5 Kg7 32. Nxf6 Nxf6 33. Qd2 Qxb3 34. Bb2 Kg8 35. Qc3 Qxc3 36. Bxc3 Nd5 37. Bb2 f5 38. Kf3 Kf7 39. e3 Ke6 40. Ke2 Nb4 41. f3 Kd5 42. Kd2 Nc6 43. Kd3 Nb4+ 44. Kc3 Nc6 45. Ba3 Nxa5 46. Kd3 Nc4 47. e4+ fxe4+ 48. fxe4+ Ke6 49. Bc1 a5 50. d5+ Kd7 51. Kd4 a4 52. Kc3 Kd6 53. Bf4+ Kc5 54. Bh6 b4+ 55. Kd3 Ne5+ 56. Kc2 Kc4 57. Bg7 b3+ 58. Kb2 Nd7 59. Ka3 Kb5 60. e5 Nb6 61. Kb2 Nxd5 62. e6 Nb6 63. Bf8 Nc4+ 64. Kc3 Kc6 65. Bg7 b2 66. e7 Kd7 67. Kc2 a3 68. Bf6 Ke8 69. g4 Ne3+ 70. Kb1 Nxg4 71. Bd4 Kxe7 0-1

[Event "Nizhnij Novgorod-ch 61st"]
[Site "Nizhnij Novgorod"]
[Date "2009.03.??"]
[Round "?"]
[White "Pokhlebkin, Vladimir"]
[Black "Baryshev, Sergey"]
[Result "1-0"]
[WhiteElo "2121"]
[BlackElo "1858"]
[PlyCount "53"]
[EventDate "2009.03.06"]
[EventType "swiss"]
[EventRounds "9"]
[EventCountry "RUS"]
[SourceTitle "EXT 2010"]
[Source "ChessBase"]
[SourceDate "2010.11.25"]
[SourceVersion "1"]
[SourceVersionDate "2010.11.25"]
[SourceQuality "1"]

1. d4 d5 2. Nc3 Nc6 3. e4 e6 4. e5 Be7 5. Nf3 f6 6. a3 a6 7. Bd3 fxe5 8. dxe5 Bc5 9. b4 Be7 10. 0-0 b5 11. Ne2 Bb7 12. c3 Na7 13. Be3 Qd7 14. Qc2 Nh6 15. Bxh7 Nf5 16. Bg6+ Kd8 17. Bxa7 Rxa7 18. Ned4 Nh4 19. Nxh4 Bxh4 20. Qe2 Qe7 21. Qg4 Kd7 22. g3 Bg5 23. Nxe6 Bh6 24. Nc5+ Kc6 25. Be4 Qxe5 26. Qg6+ Qd6 27. Bxd5+ 1-0

[Event "Nizhnij Novgorod Region-ch op"]
[Site "Nizhnij Novgorod"]
[Date "2008.10.??"]
[Round "1"]
[White "Volkov, Ilya2222"]
[Black "Pokhlebkin, Vladimir"]
[Result "0-1"]
[WhiteElo "1696"]
[BlackElo "2113"]
[PlyCount "58"]
[EventDate "2008.10.04"]
[EventType "swiss"]
[EventRounds "9"]
[EventCountry "RUS"]
[SourceTitle "EXT 2022"]
[Source "ChessBase"]
[SourceDate "2021.10.06"]
[SourceVersion "1"]
[SourceVersionDate "2021.10.06"]
[SourceQuality "1"]

1. e4 d5 2. exd5 Qxd5 3. Nc3 Qa5 4. Bc4 Nc6 5. d3 Nf6 6. Bd2 Bg4 7. f3 Qe5+ 8. Qe2 Bd7 9. Qxe5 Nxe5 10. Bb3 e6 11. 0-0-0 b5 12. Ne4 a5 13. a3 Nxe4 14. dxe4 c5 15. Ne2 c4 16. Ba2 b4 17. axb4 axb4 18. Kb1 Rc8 19. h3 Ba4 20. Nc1 Nd3 21. b3 cxb3 22. cxb3 Bb5 23. Nxd3 Bxd3+ 24. Ka1 Bd6 25. f4 Bxe4 26. Rhg1 Bc5 27. Bc1 Bxg1 28. Rxg1 0-0 29. g4 Rc2 0-1

[Event "Nizhnij Novgorod-ch 60th"]
[Site "Nizhnij Novgorod"]
[Date "2008.03.??"]
[Round "?"]
[White "Kulagina, Svetlana"]
[Black "Pokhlebkin, Vladimir"]
[Result "0-1"]
[WhiteElo "2088"]
[BlackElo "2122"]
[PlyCount "50"]
[EventDate "2008.03.??"]
[EventType "swiss"]
[EventRounds "9"]
[EventCountry "RUS"]
[SourceTitle "EXT 2010"]
[Source "ChessBase"]
[SourceDate "2010.11.25"]
[SourceVersion "1"]
[SourceVersionDate "2010.11.25"]
[SourceQuality "1"]

1. e4 d5 2. exd5 Qxd5 3. Nc3 Qa5 4. d4 Nf6 5. Bc4 Nc6 6. Nf3 Bg4 7. 0-0 0-0-0 8. Be3 e5 9. d5 e4 10. h3 exf3 11. hxg4 Qb4 12. Qxf3 Ne5 13. Qf5+ Ned7 14. Bb3 Nxg4 15. Qxf7 Bd6 16. Qh5 Nxe3 17. fxe3 Nf6 18. Qh3+ Kb8 19. Rae1 Rhe8 20. Ba4 Re5 21. Rf5 Rxf5 22. Qxf5 Qh4 23. Re2 Qh2+ 24. Kf1 Qh1+ 25. Kf2 Rf8 0-1

[Event "Nizhnij Novgorod-ch 60th"]
[Site "Nizhnij Novgorod"]
[Date "2008.03.??"]
[Round "?"]
[White "Yatzenko, Anton"]
[Black "Pokhlebkin, Vladimir"]
[Result "1-0"]
[WhiteElo "2271"]
[BlackElo "2122"]
[PlyCount "83"]
[EventDate "2008.03.??"]
[EventType "swiss"]
[EventRounds "9"]
[EventCountry "RUS"]
[SourceTitle "EXT 2010"]
[Source "ChessBase"]
[SourceDate "2010.11.25"]
[SourceVersion "1"]
[SourceVersionDate "2010.11.25"]
[SourceQuality "1"]

1. Nf3 Nf6 2. d4 c5 3. d5 d6 4. Nc3 e5 5. e4 Be7 6. h3 0-0 7. Be2 Na6 8. 0-0 Nc7 9. a4 b6 10. Nd2 Rb8 11. Nc4 a6 12. f4 b5 13. fxe5 bxc4 14. exf6 Bxf6 15. Bxc4 Bd4+ 16. Kh1 f5 17. Ne2 Be5 18. Bf4 Qf6 19. Rb1 Bd7 20. exf5 Bxf5 21. Bd3 Bxf4 22. Rxf4 Qe5 23. Rxf5 Rxf5 24. Bxf5 Qxf5 25. Nc3 Re8 26. Qd2 g5 27. Kg1 Qe5 28. Rd1 h5 29. Qd3 Kg7 30. Qf3 Qe3+ 31. Qxe3 Rxe3 32. Kf2 Re5 33. g4 h4 34. Kf3 Re7 35. Ne4 Rf7+ 36. Kg2 Re7 37. Nxd6 Re2+ 38. Kf3 Rxc2 39. Ne4 Rxb2 40. Nxg5 Kf6 41. d6 Rb3+ 42. Kf4 1-0

[Event "Nizhnij Novgorod Dubinin Memorial 15th"]
[Site "Nizhnij Novgorod"]
[Date "2008.01.??"]
[Round "?"]
[White "Bojarinov, Victor A"]
[Black "Pokhlebkin, Vladimir"]
[Result "1-0"]
[WhiteElo "2312"]
[BlackElo "2122"]
[PlyCount "57"]
[EventDate "2008.01.??"]
[EventType "swiss"]
[EventRounds "9"]
[EventCountry "RUS"]
[SourceTitle "CBM 122 Extra"]
[Source "ChessBase"]
[SourceDate "2008.03.04"]
[SourceVersion "1"]
[SourceVersionDate "2008.03.04"]
[SourceQuality "1"]

1. d4 Nf6 2. Nf3 g6 3. c3 Bg7 4. Bf4 d6 5. Nbd2 0-0 6. e4 Nh5 7. Bg5 Nc6 8. h3 Qe8 9. Bb5 a6 10. Ba4 e5 11. dxe5 dxe5 12. Be3 Nf4 13. 0-0 b5 14. Bb3 Qe7 15. Bxf4 exf4 16. Bd5 Bb7 17. a4 Na5 18. axb5 axb5 19. Rxa5 Bxd5 20. Rxb5 Bc6 21. Rb4 g5 22. Nd4 Bd7 23. Nf5 Bxf5 24. exf5 Rfd8 25. Qc2 c5 26. Rc4 Qe2 27. Re4 Qxd2 28. Re8+ Bf8 29. Qxd2 1-0

[Event "Nizhnij Novgorod Region-ch"]
[Site "Nizhnij Novgorod"]
[Date "2007.10.??"]
[Round "?"]
[White "Pokhlebkin, Vladimir"]
[Black "Goliakov, Evgeny"]
[Result "1-0"]
[WhiteElo "2124"]
[BlackElo "2017"]
[PlyCount "53"]
[EventDate "2007.10.??"]
[EventType "swiss"]
[EventRounds "9"]
[EventCountry "RUS"]
[SourceTitle "EXT 2009"]
[Source "ChessBase"]
[SourceDate "2008.11.26"]
[SourceVersion "1"]
[SourceVersionDate "2008.11.26"]
[SourceQuality "1"]

1. d4 d5 2. Nc3 Nf6 3. Bg5 e6 4. e4 dxe4 5. Nxe4 Be7 6. Bxf6 Bxf6 7. Nf3 Nc6 8. c3 0-0 9. Bd3 b6 10. h4 Bb7 11. Nfg5 h6 12. Nxf6+ Qxf6 13. Nh7 Qe7 14. Nxf8 Rxf8 15. Qc2 e5 16. d5 e4 17. Be2 Nb8 18. 0-0-0 Qe5 19. Bc4 Kh8 20. Kb1 Nd7 21. g4 a5 22. Qe2 Nf6 23. g5 Nxd5 24. gxh6 gxh6 25. Bxd5 Bxd5 26. Qd2 e3 27. Qxd5 1-0

[Event "Nizhnij Novgorod Region-ch"]
[Site "Nizhnij Novgorod"]
[Date "2007.10.??"]
[Round "?"]
[White "Teverovsky, Alexander"]
[Black "Pokhlebkin, Vladimir"]
[Result "0-1"]
[WhiteElo "2198"]
[BlackElo "2124"]
[PlyCount "80"]
[EventDate "2007.10.??"]
[EventType "swiss"]
[EventRounds "9"]
[EventCountry "RUS"]
[SourceTitle "EXT 2009"]
[Source "ChessBase"]
[SourceDate "2008.11.26"]
[SourceVersion "1"]
[SourceVersionDate "2008.11.26"]
[SourceQuality "1"]

1. e4 Nc6 2. d4 d6 3. Nc3 g6 4. Be3 Nf6 5. f3 e5 6. d5 Ne7 7. Bb5+ Bd7 8. Bxd7+ Qxd7 9. Nge2 b5 10. Qd2 h5 11. 0-0 h4 12. a4 b4 13. Na2 a5 14. b3 Bg7 15. c3 bxc3 16. Naxc3 Nh5 17. Rac1 0-0 18. Nb5 Rfc8 19. Rc2 Nf6 20. Rfc1 Ne8 21. Nec3 Kh7 22. Na7 Rxa7 23. Bxa7 c5 24. Bb6 Bh6 25. Qd3 Bxc1 26. Rxc1 Qb7 27. Bxa5 Qa7 28. Qe3 Qxa5 29. Qg5 f6 30. Qxh4+ Kg7 31. Qf2 Qb4 32. Qc2 c4 33. Rb1 cxb3 34. Rxb3 Qxa4 35. Nxa4 Rxc2 36. Rb7 Kf7 37. Rd7 f5 38. Nb6 fxe4 39. fxe4 Nf6 40. h3 Nxd7 0-1